000 00378nam a2200157Ia 4500
008 231217s9999 xx 000 0 und d
020 _a8187328649
041 _aEnglish
082 _a001.6424C RAD;1 R
100 _aRadha Ganeshan P.
245 0 _aProgramming with C++
260 _c2002
_bScitech
_aChennai
300 _a523
650 _aProgramming,C++
942 _cAA
999 _c187054
_d187054